|
|
|
|
| LEADER |
00000nam0a2200000 4500 |
| 001 |
68973 |
| 005 |
20231031075303.0 |
| 035 |
|
|
|a (RuTPU)RU\TPU\book\73442
|
| 090 |
|
|
|a 68973
|
| 100 |
|
|
|a 20041013d1968 m y0rusy50 ca
|
| 101 |
0 |
|
|a rus
|
| 102 |
|
|
|a RU
|
| 105 |
|
|
|a a j 000zy
|
| 200 |
1 |
|
|a Общая технология резины
|e учебное пособие
|f Ф. Ф. Кошелев, А. Е. Корнев, Н. С. Климов
|
| 205 |
|
|
|a 3-е изд., перераб. и доп.
|
| 210 |
|
|
|a Москва
|c Химия
|d 1968
|
| 215 |
|
|
|a 560 с.
|c ил.
|
| 320 |
|
|
|a Библиография в конце глав.
|
| 610 |
1 |
|
|a резина
|
| 610 |
1 |
|
|a резиновое производство
|
| 610 |
1 |
|
|a синтетические каучуки
|
| 610 |
1 |
|
|a бутадиен
|
| 610 |
1 |
|
|a сополимеры
|
| 610 |
1 |
|
|a хлоропреновые каучуки
|
| 610 |
1 |
|
|a бутилкаучук
|
| 610 |
1 |
|
|a каучукоподобные полимеры
|
| 610 |
1 |
|
|a резиновые смеси
|
| 610 |
1 |
|
|a ингредиенты
|
| 610 |
1 |
|
|a пластификаторы
|
| 610 |
1 |
|
|a резиновые смеси
|
| 610 |
1 |
|
|a резиновые клеи
|
| 610 |
1 |
|
|a вулканизация
|
| 610 |
1 |
|
|a составление смесей
|
| 610 |
1 |
|
|a учебные пособия
|
| 675 |
|
|
|a 678.02(075.8)
|v 3
|
| 700 |
|
1 |
|a Кошелев
|b Ф. Ф.
|g Федор Федорович
|
| 701 |
|
1 |
|a Корнев
|b А. Е.
|g Анатолий Ефимович
|
| 701 |
|
1 |
|a Климов
|b Н. С.
|g Николай Сергеевич
|
| 801 |
|
1 |
|a RU
|b 63413507
|c 20041013
|g PSBO
|
| 801 |
|
2 |
|a RU
|b 63413507
|c 20160617
|g PSBO
|
| 942 |
|
|
|c BK
|